Применение международного финансового права в Российской Федерации Монография
Работа призвана содействовать актуализации информации о современном этапе применения в России международного финансового права который отличается очевидным дисбалансом принципов национального и экономического суверенитета российского государства и примата общепризнанных принципов и норм международно...
Guardado en:
| Autor principal: | |
|---|---|
| Formato: | Монография |
| Edición: | 1 |
| Colección: | Научная мысль |
| Acceso en línea: | https://znanium.com/catalog/document?id=372248 https://znanium.com/cover/0926/926495.jpg |
| Etiquetas: |
Agregar Etiqueta
Sin Etiquetas, Sea el primero en etiquetar este registro!
|
| LEADER | 03689nam0a2200325 i 4500 | ||
|---|---|---|---|
| 001 | RU\infra-m\znanium\bibl\926495 | ||
| 003 | https://znanium.com/catalog/document?id=372248 | ||
| 005 | 20220204000000.0 | ||
| 010 | |a 978-5-16-011529-0 | ||
| 010 | |a 978-5-16-103832-1 |b электр. издание | ||
| 100 | |a 20220204d2020 m y0rusy0150 ca | ||
| 101 | 0 | |a rus | |
| 102 | |a RU | ||
| 200 | 1 | |a Применение международного финансового права в Российской Федерации |e Монография |f Финансовый университет при Правительстве Российской Федерации | |
| 205 | |a 1 | ||
| 210 | 1 | |a Москва |c ООО "Научно-издательский центр ИНФРА-М" |d 2018 | |
| 215 | |a 140 с. | ||
| 225 | 1 | |a Научная мысль | |
| 330 | |a Работа призвана содействовать актуализации информации о современном этапе применения в России международного финансового права который отличается очевидным дисбалансом принципов национального и экономического суверенитета российского государства и примата общепризнанных принципов и норм международного права. Охарактеризован процесс «регионализации» и фактического обновления международного финансового права связанный с формированием странами — членами ЕАЭС БРИКС ШОС новых экономических центров и структур. Монография может быть интересна студентам аспирантам и преподавателям как юридических так и экономических факультетов высших учебных заведений а также лицам интересующимся тенденциями развития конституционного международного и финансового права проблемами становления и развития международного финансового права как самостоятельной отрасли права. Нормативные акты приведены по состоянию на 1 сентября 2015 г.; автор выражает признательность за их предоставление СПС КонсультантПлюс. | ||
| 333 | |a Дополнительное профессиональное образование | ||
| 606 | |a Право. Юридические науки |x Международное экономическое и торговое право |2 local | ||
| 608 | |a Монография |2 local | ||
| 675 | |a 336(075.4) |z rus | ||
| 686 | |a 65.261 |2 rubbk | ||
| 686 | |a 40.03.01 |2 okso | ||
| 686 | |a 44.03.05 |2 okso | ||
| 700 | 1 | |a Павликов |b С.Г. |g Сергей Герасимович |p Финансовый университет при Правительстве Российской Федерации | |
| 801 | 0 | |a RU |b Общество с ограниченной ответственностью «ЗНАНИУМ» |c 20170801 |2 rusmarc | |
| 856 | 4 | |a znanium.com |m ebs_support@infra-m.ru |n НИЦ ИНФРА-М |u https://znanium.com/catalog/document?id=372248 | |
| 856 | 4 | 1 | |a znanium.com |d /cover/0926 |f 926495.jpg |q image/jpeg |u https://znanium.com/cover/0926/926495.jpg |